Methods of logic /
Guardado en:
| Autor Principal: | |
|---|---|
| Formato: | Libro |
| Idioma: | English |
| Publicado: |
London :
Routledge & Kegan Paul,
1952.
|
| Etiquetas: |
Agregar Etiqueta
Sin Etiquetas, Sea el primero en etiquetar este registro!
|
| LEADER | 00500nam a22001455a 4500 | ||
|---|---|---|---|
| 001 | MAT.inmabb000385 | ||
| 008 | 031211s1952####enk######b####001#0#eng#d | ||
| 005 | 20180611161155.0 | ||
| 245 | 1 | 0 | |a Methods of logic / |c by William Van Orman Quine. |
| 260 | |a London : |b Routledge & Kegan Paul, |c 1952. | ||
| 300 | |a xix, 264 p. ; |c 22 cm. | ||
| 504 | |a Incluye referencias bibliográficas (p. 253-258). | ||
| 100 | 1 | |a Quine, W. V. |q (Willard Van Orman) | |
| 084 | |a 03Bxx (03-01) |2 msc2000 | ||
| 859 | |h 03 |i Q7me |p A-120 |b BIB. MATEMATICA | ||
